Представление документа в формате RUSMARC

ПолеНазваниеЗначение
  Тип записи c
  Библиографический уровень m
001 Контрольный номер RU/IS/BASE/580909564
005 Дата корректировки 20260423105924.9
100 Данные общей обработки __
a Данные общей обработки 20180529d2007 a y0rusy0189 ca
101 Язык документа 0_
a Язык текста rus
f Язык титульного листа rus
102 Страна публикации __
a Страна публикации RU
200 Заглавие и сведения об ответственности 1_
a Заглавие Учусь импровизировать и сочинять
f Первые сведения об ответственности О. П. Булаева, О. А. Геталова
210 Выходные данные 1_
a Место издания Санкт-Петербург
c Издательство Композитор
d Дата издания cop. 2007
215 Физическое описание __
d Формат 29 см
225 Серия 0_
a Серия Маленький музыкант за фортепиано
686 Индексы других классификаций __
a Классификационный индекс 85
2 Код системы rubbk
700 Автор _1
a Фамилия Булаева
b Имя (инициалы) О. П.
g Полное личное имя Ольга Петровна
701 Альтернативная интеллектуальная ответственность _1
a Фамилия Геталова
b Имя (инициалы) О. А.
g Полное личное имя Ольга Александровна
801 Источник записи _0
a Страна RU
b Организация Ульяновская ОНБ
c Дата составления 20180529
g Правила каталогизации RCR
801 Источник записи _1
a Страна RU
b Организация Ульяновская ОНБ
c Дата составления 20180529
g Правила каталогизации RCR
901 Тип документа __
t Тип документа v
909 Создатель записи __
a Создатель записи Никитина Т. А.
910 Корректоры записи __
a Корректор записи Никитина Т. А.
b Дата внесения изменения в запись 20260423
938 Служебная информация __
a Имя БД noti
b Имя библиотеки УОНБ
c Имя АИБС МАРК-SQL
d Номер DOC_ID в БД 18460